Good Luck, Babe! - Chappell Roan (All Lyrics) - Statistics

General Stats
  • This quiz has been taken 3,794 times
    3,737 since last reset
  • The average score is 361 of 412
Answer Stats
Answer % Correct
a
99%
I
99%
You
99%
you
99%
the
98%
The
98%
it
97%
an
96%
can
96%
in
96%
In
96%
to
96%
say
95%
but
94%
But
94%
It's
94%
it's
94%
not
94%
we
94%
When
94%
when
94%
babe!
93%
Good
93%
good
93%
just
93%
luck
93%
of
93%
are
92%
boys
92%
feeling
92%
know
92%
And
91%
kiss
91%
nothing
91%
stop
91%
that
91%
hundred
90%
love
90%
bars
89%
cool
88%
fine
88%
me
88%
so
88%
way
88%
Who
88%
who
88%
With
88%
with
88%
your
88%
call
87%
another
86%
Another
86%
truth
86%
"baby"
84%
don't
84%
wanna
84%
I'm
83%
middle
83%
night
83%
Think
83%
think
83%
up
83%
shot
82%
him
81%
next
81%
Shoot
81%
wake
81%
world
81%
off
80%
told
80%
try
80%
You're
80%
be
79%
Well
79%
fool
78%
hands
78%
his
78%
more
78%
wife
78%
about
77%
have
77%
head
77%
one
77%
reason
77%
than
77%
guess
76%
Make
76%
stupid
76%
All
75%
excuse
75%
hate
75%
face
73%
car
72%
years
72%
ago
71%
those
71%
arms
69%
affair
68%
like
67%
standing
67%
kind
66%
sexually
66%
You'd
66%
angel
65%
explicit
65%
little
65%
need
65%
new
65%
only
65%
calls
64%
fair
64%
someone
63%
cares?
58%
gonna
58%
cry
57%
her
57%
if
57%
lovin'
57%
out
57%
sunroof
57%
through
53%
Even
51%
air
44%
cliché
29%
No matching quizzes found
Score Distribution
Percent of People with Each Score
Percentile by Number Answered
Your Score History
You have not taken this quiz since the last reset